Fluid metals , the liquid vapor transition of metals (Record no. 576537)

000 -LEADER
fixed length control field 00556nam a22001817a 4500
003 - CONTROL NUMBER IDENTIFIER
control field CEME
005 - DATE AND TIME OF LATEST TRANSACTION
control field 20210628204158.0
008 - FIXED-LENGTH DATA ELEMENTS--GENERAL INFORMATION
fixed length control field 210113b xxu||||| |||| 00| 0 eng d
020 ## - INTERNATIONAL STANDARD BOOK NUMBER
International Standard Book Number 069105830X
040 ## - CATALOGING SOURCE
Transcribing agency ceme
082 ## - DEWEY DECIMAL CLASSIFICATION NUMBER
Classification number 530.414 HEN
100 ## - MAIN ENTRY--PERSONAL NAME
Personal name Hensel, Friedrich , Warren, William W
9 (RLIN) 69146
245 ## - TITLE STATEMENT
Title Fluid metals , the liquid vapor transition of metals
260 ## - PUBLICATION, DISTRIBUTION, ETC.
Place of publication, distribution, etc. NEW JERSEY
Name of publisher, distributor, etc. PRINCETON UNIVERSTY PRESS
Date of publication, distribution, etc. 1999
300 ## - PHYSICAL DESCRIPTION
Extent XII, 243P
650 ## - SUBJECT ADDED ENTRY--TOPICAL TERM
Topical term or geographic name entry element FLUID METALS.LIQUID METALS.LIQUID VAPOR TRANSITION OF METALS
9 (RLIN) 69147
942 ## - ADDED ENTRY ELEMENTS (KOHA)
Koha item type Book
Source of classification or shelving scheme
Holdings
Withdrawn status Lost status Damaged status Not for loan Permanent Location Current Location Shelving location Date acquired Total Checkouts Full call number Barcode Date last seen Price effective from Koha item type
        College of Electrical & Mechanical Engineering (CEME) College of Electrical & Mechanical Engineering (CEME) General Stacks 08/03/2017   530.414 HEN CEME-46843 06/28/2021 06/28/2021 Book
© 2023 Central Library, National University of Sciences and Technology. All Rights Reserved.